Statistiques concernant Les Îles Canaries

Cliquez ici pour prendre le quiz!

Statistiques générales

  • Ce quiz a été pris 3 070 fois
  • Le résultat moyen est 4 sur 7

Réponses sur la Carte

Les réponses sont colorées sur une échelle allant du rouge au vert en fonction du pourcentage des utilisateurs qui les ont devinées à leur premier essai. Vous pouvez retrouver ces pourcentages ci-dessous.
 

Statistiques - réponses

HintRéponse% Correct
2 034Tenerife
81%
1 560Grande Canarie
70%
846Lanzarote
58%
1 660Fuerteventura
53%
708La Palma
49%
370La Gomera
33%
269El Hierro
26%

Distribution des résultats

Percentile par nombre de réponses

% des personnes avec chaque résultat

Votre développement - résultats

Vous n’avez pas pris ce quiz